Art for art's sake? <the> impact of arts education

Gespeichert in:
Bibliographische Detailangaben
Format: Buch
Sprache:Englisch
Veröffentlicht: Paris OECD 2013
Schriftenreihe:Educational research and innovation
Schlagworte:
Tags: Tag hinzufügen
Keine Tags, Fügen Sie das erste Tag hinzu!

MARC

LEADER 00000nam a2200000 4500
001 0181617
005 20240315120354.8
020 |a 978-92-64-18077-2 
041 0 |a eng 
044 |a FR 
245 1 0 |a Art for art's sake?  |b <the> impact of arts education 
264 1 |a Paris  |b OECD  |c 2013 
300 |a 266 s. 
490 1 |a Educational research and innovation 
830 0 |a Educational research and innovation 
610 2 0 |a umenie 
610 2 0 |a vzdelávanie 
610 2 0 |a školy 
610 2 0 |a zručnosti 
610 2 0 |a vplyvy na prácu 
610 2 0 |a inovácia 
610 2 0 |a výskum 
610 2 0 |a štúdie